| 000 | 00616nam a2200205Ia 4500 | ||
|---|---|---|---|
| 005 | 20250508162042.0 | ||
| 008 | 008 250505s9999 xx 000 0 eng d | ||
| 020 | _a0-416-78040-7 | ||
| 037 | _aTextual | ||
| 040 |
_aFEDL _beng _cFEDL |
||
| 041 |
_aeng _2eng |
||
| 084 |
_a375, SHI _qFEDL |
||
| 100 |
_aShipman M D _9772154 |
||
| 245 | 0 | _aInside a curriculum project : A case study in the process of curruculum change | |
| 260 |
_aLondon, UK _bMethuen and Co. Ltd. _c1974 |
||
| 300 | _axi,190p | ||
| 700 |
_a Bolam D Jenkins D R _9772155 |
||
| 942 |
_cTEXL _h375, SHI |
||
| 999 |
_c1374077 _d1374077 |
||